000 00835nam a22002417a 4500
999 _c24552
_d24552
003 NUST
005 20190925152842.0
008 140613b xxu||||| |||| 00| 0 eng d
020 _cAvailable
_a3527297790(Softcover)
038 _aNusrat Nadeem
040 _aDLC
_bDLC
_cRCMS
082 _a615.19 JOH
100 _aJure Zupan
_913017
245 _aNeural Networks in Chemistry and Drug Design
_cJure Zupan
250 _a2nd,ed.
260 _aWeinheim (Federal Republic of Germany):
_bWiley-VCH
_c1999.
300 _axxii,380:,p:
_bill;
_c27,cm.
440 _aNeural networks for chemists
_913018
538 _iBioinformatics Lab(Photocopy Book)
600 _v1.Drug and Design 2.Neural networks
_921402
856 _3Table of contents only
_uhttp://www.loc.gov/catdir/toc/ecip0716/2007017469.html
942 _2ddc
_cBK
_k615.19 JOH